| 000 | 00944nac a22002291u 4500 | ||
|---|---|---|---|
| 010 | _a 95015112 | ||
| 020 | _a0471110175 (paper : acid-free paper) | ||
| 082 | 0 | 0 |
_a005.265 _bPEN |
| 090 |
_c5980 _d5980 |
||
| 100 | _aPenrod, Paul, | ||
| 245 | 1 | 0 |
_aDeveloping Windows applications using Delphi / _cPaul Penrod. |
| 260 |
_aNew York : _bWiley,c1995. _cc1995. |
||
| 300 |
_axii, 353 p. : _bill. ; _c24 cm. |
||
| 500 | _a"Introduction to object-oriented programming, rapid Windows application development, using the Windows API"--Cover. | ||
| 500 | _aIncludes index. | ||
| 500 | _aDistributer: Al-Ahram. | ||
| 511 | _aCatalogued By: Mahitab. | ||
| 650 | 0 | _aWindows (Computer programs) | |
| 856 | 4 | 2 |
_3Publisher description _uhttp://www.loc.gov/catdir/description/wiley032/95015112.html |
| 856 | 4 | 2 |
_3Table of Contents _uhttp://www.loc.gov/catdir/toc/onix02/95015112.html |
| 942 |
_cBB _k005.265PEN |
||
| 999 |
_c5980 _d5980 |
||